00698nam a22002057a 450000500170000001000130001702000220003003500130005203700160006504000120008108200180009310000210011124500950013226000390022727000430026630000200030950000210032965000720035065000700042220170124110027.0 aB-157436 a0070586144c00.00 aB-157436 bCen Lib/Ret aDPLbEN a621.3822bHAY aHayes, Monson H. aSchaum's outline of theory and problems of digital signal processing /cby Monson H. Hayes aNew DelhibTata McGraw Hill c1999 bNew Delhia7, West Patel Nagare110053 a432p.c23cm(Hb) a Includes index  aSignal processing -- Digital techniques -- Problems, exercises, etc aSignal processing -- Digital techniques -- Outlines, syllabi, etc